Statistiques concernant Capitales d'Amérique du Sud

Cliquez ici pour prendre le quiz!

Statistiques générales

  • Ce quiz a été pris 93 fois
  • Le résultat moyen est 9 sur 12

Statistiques - réponses

Capitales% Correct
Buenos Aires
97%
Brasilia
96%
Lima
90%
Bogotá
87%
Montévideo
85%
Santiago
85%
Quito
78%
Asunción
77%
La Paz / Sucre
77%
Caracas
74%
Georgetown
47%
Paramaribo
41%

Distribution des résultats

Percentile par nombre de réponses

% des personnes avec chaque résultat

Votre développement - résultats

Vous n’avez pas pris ce quiz